| 000 | 00507nam a22001697a 4500 | ||
|---|---|---|---|
| 020 | _a9789814920056 | ||
| 082 |
_a611 _bDRA |
||
| 100 |
_aDrake, Richard L.; Vogl, A. Wayne; Mitchell, Adam W.M. _9114049 |
||
| 245 |
_aGray's Anatomy for Students / _cRichard L. Drake; Wayne Vogl, A.; Adam W.M. Mitchell |
||
| 250 | _a4th Edition. | ||
| 260 |
_aSingapore : _bElsevier, _c2020. |
||
| 300 |
_a1152 p. ; _bill, _c28 cm. |
||
| 563 | _aPBK. | ||
| 650 | _aAnatomy | ||
| 650 | _aHuman anatomy | ||
| 942 |
_2ddc _cBK |
||
| 999 |
_c595437 _d595437 |
||